000 00769nam a22002057a 4500
999 _c57115
_d57115
003 Ge_BSU
005 20191120145219.0
008 191120s2019 ge ||||| |||| 00| 0 geo d
020 _a9789941462900
041 _ageo
080 _a94(479.223) დ-45
100 _aდიდმანიძე, ოთარ.
_95478
245 _aსოფელი მარადიდი /
_cოთარ დიდმანიძე ; რედ. რ. დიდმანიძე.
264 _aბათუმი :
_bბსუ,
_c2019.
300 _a351გვ. ;
_bილ.
_c 21 სმ.
504 _aბიბლ. გვ. :335-344
653 _aისტორია
700 _aდიდმანიძე, რ.
_eრედაქტორი
_95479
942 _2udc
_cBK